| 000 | 00830nam a2200265Ia 4500 | ||
|---|---|---|---|
| 003 | OSt | ||
| 005 | 20220918170412.0 | ||
| 006 | a|||||r|||| 00| 0 | ||
| 007 | ta | ||
| 008 | 220917b |||||||| |||| 00| 0 eng d | ||
| 020 |
_a9780199676606 (hbk) _c5348.19 |
||
| 024 | _a289,680 | ||
| 037 |
_b135, 18/03/2016, Better Book Services _cTextual |
||
| 040 |
_aARTS _cARTS _beng |
||
| 041 |
_2eng _aeng |
||
| 082 | _aW:(U42), Q6 | ||
| 100 |
_aFine Sarah Ed. _928854 |
||
| 245 | 0 |
_aMigration in political theory _b Ethics of movement membership |
|
| 260 |
_aOxford _bOxford UK _c2016 |
||
| 300 |
_ax, 299p. _ccm. |
||
| 650 | _aPOLITICAL SCIENCE | ||
| 700 |
_a Ypi Lea Ed. _928855 |
||
| 942 |
_hW:(U42), Q6 _cTEXL _2CC |
||
| 999 |
_c133995 _d133995 |
||